000 00617nam a22001937a 4500
005 20150112155314.0
010 _aBAC-CH25
020 _a9780753437339
_c499.00
035 _aB-550497-520
037 _adpl
_bAAkar/Ven
082 _a500
100 _aGifford, Clive
245 _aHow the World Works /
_cby Clive Gifford
260 _aLondon
_bKingfisher
_c2013
270 _a20 New Wharf Road
_bLondon
_eNi9RR
300 _a160.:
_bcol.ill.
_c27cm(pbk)
942 _2ddc
_cCH
_mGIF
_h500
999 _c86805
_d86805